Online
Catalog

Lazarillo de Tormes / (Record no. 58871)

MARC details
000 -CABECERA
campo de control de longitud fija 02517nam a2200577 i 4500
003 - IDENTIFICADOR DEL NÚMERO DE CONTROL
campo de control DO-SdBNP
005 - FECHA Y HORA DE LA ÚLTIMA TRANSACCIÓN
campo de control 20250506084745.0
007 - CAMPO FIJO DE DESCRIPCIÓN FÍSICA--INFORMACIÓN GENERAL
campo de control de longitud fija ta
008 - DATOS DE LONGITUD FIJA--INFORMACIÓN GENERAL
campo de control de longitud fija 250430s1984 sp a r 000 0 spa d
020 ## - NÚMERO INTERNACIONAL ESTÁNDAR DEL LIBRO
Número Internacional Estándar del Libro 8435902900
040 ## - FUENTE DE LA CATALOGACIÓN
Centro catalogador/agencia de origen DO-SdBNP
Lengua de catalogación spa
Centro/agencia transcriptor BNPHU
Normas de descripción rda
082 ## - NÚMERO DE LA CLASIFICACIÓN DECIMAL DEWEY
Número de clasificación 863.3
Número de documento/Ítem L431t
Número de edición 22
245 00 - MENCIÓN DE TÍTULO
Título Lazarillo de Tormes /
Mención de responsabilidad, etc. Anónimo. ; colaboradores, Pedro Aullón de Haro, Miguel Borroto Recio, José M. Díez Borque, José Escarpanter, Gastón Fdez. dela Torriente y otros ; ilustraciones, Arturo Rodríguez
250 ## - MENCIÓN DE EDICIÓN
Mención de edición Segunda edición
264 #1 - PRODUCCIÓN, PUBLICACIÓN, DISTRIBUCIÓN, FABRICACIÓN Y COPYRIGHT
Producción, publicación, distribución, fabricación y copyright Madrid, España :
Nombre del de productor, editor, distribuidor, fabricante Editorial Playor,
Fecha de producción, publicación, distribución, fabricación o copyright 1984.
300 ## - DESCRIPCIÓN FÍSICA
Extensión 135 páginas
Otras características físicas ilustraciones
Dimensiones 21 cm.
336 ## - TIPO DE CONTENIDO
Término de tipo de contenido texto
Código de tipo de contenido txt
Fuente rdacontent
337 ## - TIPO DE MEDIO
Nombre/término del tipo de medio sin mediación
Código del tipo de medio n
Fuente rdamedia
338 ## - TIPO DE SOPORTE
Nombre/término del tipo de soporte volumen
Código del tipo de soporte nc
Fuente rdacarrier
490 1# - MENCIÓN DE SERIE
Mención de serie Clásicos comentados Playor
500 ## - NOTA GENERAL
Nota general Incluye esquema para el comentario de la obra.
500 ## - NOTA GENERAL
Nota general Incluye notas a pie de páginas.
500 ## - NOTA GENERAL
Nota general Edición especial para estudiantes.
504 ## - NOTA DE BIBLIOGRAFÍA, ETC.
Nota de bibliografía, etc. Bibliografía p: 131-132.
590 ## - NOTA LOCAL (RLIN)
Nota local Inventariado, 2025/ YL
650 #4 - PUNTO DE ACCESO ADICIONAL DE MATERIA--TÉRMINO DE MATERIA
Término de materia o nombre geográfico como elemento de entrada Novela española
9 (RLIN) 1123
650 #4 - PUNTO DE ACCESO ADICIONAL DE MATERIA--TÉRMINO DE MATERIA
Término de materia o nombre geográfico como elemento de entrada Novela picaresca española
9 (RLIN) 42269
650 #4 - PUNTO DE ACCESO ADICIONAL DE MATERIA--TÉRMINO DE MATERIA
Término de materia o nombre geográfico como elemento de entrada Literatura española
9 (RLIN) 632
700 1# - PUNTO DE ACCESO ADICIONAL--NOMBRE DE PERSONA
Nombre de persona Aullón de Haro, Pedro
Término indicativo de función/relación colaboradores
Código de función/relación col.
9 (RLIN) 87585
700 1# - PUNTO DE ACCESO ADICIONAL--NOMBRE DE PERSONA
Nombre de persona Borroto Recio, Miguel
Término indicativo de función/relación colaboradores
Código de función/relación col.
9 (RLIN) 87586
700 1# - PUNTO DE ACCESO ADICIONAL--NOMBRE DE PERSONA
Nombre de persona Díez Borque, José M.
Término indicativo de función/relación colaboradores
Código de función/relación col.
9 (RLIN) 87587
700 1# - PUNTO DE ACCESO ADICIONAL--NOMBRE DE PERSONA
Nombre de persona Escarpanter, José
Término indicativo de función/relación colaboradores
Código de función/relación col.
9 (RLIN) 68347
700 1# - PUNTO DE ACCESO ADICIONAL--NOMBRE DE PERSONA
Nombre de persona Fdez. de la Torriente, Gastón
Término indicativo de función/relación colaboradores
Código de función/relación col.
9 (RLIN) 87588
700 1# - PUNTO DE ACCESO ADICIONAL--NOMBRE DE PERSONA
Nombre de persona Huerta Calvo, Javier
Término indicativo de función/relación colaboradores
Código de función/relación col.
9 (RLIN) 87589
700 1# - PUNTO DE ACCESO ADICIONAL--NOMBRE DE PERSONA
Nombre de persona López Morales, Humberto
Término indicativo de función/relación colaboradores
Código de función/relación col.
9 (RLIN) 5734
700 1# - PUNTO DE ACCESO ADICIONAL--NOMBRE DE PERSONA
Nombre de persona Martín, José Luis
Término indicativo de función/relación colaboradores
Código de función/relación col.
9 (RLIN) 87590
700 1# - PUNTO DE ACCESO ADICIONAL--NOMBRE DE PERSONA
Nombre de persona Martín Duque, I.
Término indicativo de función/relación colaboradores
Código de función/relación col.
9 (RLIN) 87591
700 1# - PUNTO DE ACCESO ADICIONAL--NOMBRE DE PERSONA
Nombre de persona Moro, Lilliam
Término indicativo de función/relación colaboradores
Código de función/relación col.
9 (RLIN) 87592
700 1# - PUNTO DE ACCESO ADICIONAL--NOMBRE DE PERSONA
Nombre de persona Palette, Juan
Término indicativo de función/relación colaboradores
Código de función/relación col.
9 (RLIN) 87593
700 1# - PUNTO DE ACCESO ADICIONAL--NOMBRE DE PERSONA
Nombre de persona Romera, José
Término indicativo de función/relación colaboradores
Código de función/relación col.
9 (RLIN) 87594
700 1# - PUNTO DE ACCESO ADICIONAL--NOMBRE DE PERSONA
Nombre de persona Serrano, Pío E.
Término indicativo de función/relación colaboradores
Código de función/relación col.
9 (RLIN) 87595
700 1# - PUNTO DE ACCESO ADICIONAL--NOMBRE DE PERSONA
Nombre de persona Shimose, Pedro
Término indicativo de función/relación colaboradores
Código de función/relación col.
9 (RLIN) 87596
700 1# - PUNTO DE ACCESO ADICIONAL--NOMBRE DE PERSONA
Nombre de persona Suárez-Galbán, Eugenio
Término indicativo de función/relación colaboradores
Código de función/relación col.
9 (RLIN) 87597
700 1# - PUNTO DE ACCESO ADICIONAL--NOMBRE DE PERSONA
Nombre de persona Tirado, Carlos
Término indicativo de función/relación colaboradores
Código de función/relación col.
9 (RLIN) 87598
700 1# - PUNTO DE ACCESO ADICIONAL--NOMBRE DE PERSONA
Nombre de persona Vaquero, María
Término indicativo de función/relación colaboradores
Código de función/relación col.
9 (RLIN) 87599
700 1# - PUNTO DE ACCESO ADICIONAL--NOMBRE DE PERSONA
Nombre de persona Zayas-Bazán, Eduardo
Término indicativo de función/relación colaboradores
Código de función/relación col.
9 (RLIN) 87600
700 1# - PUNTO DE ACCESO ADICIONAL--NOMBRE DE PERSONA
Nombre de persona Madrigal, José A.
Término indicativo de función/relación colaboradores
Código de función/relación col.
9 (RLIN) 87601
700 1# - PUNTO DE ACCESO ADICIONAL--NOMBRE DE PERSONA
Nombre de persona Rodríguez, Arturo
Término indicativo de función/relación ilustraciones
Código de función/relación il.
9 (RLIN) 87602
910 ## - DATOS DE OPCIÓN DEL USUARIO (OCLC)
Datos de opción del usuario YLockward
942 ## - ELEMENTOS DE PUNTO DE ACCESO ADICIONAL (KOHA)
Fuente del sistema de clasificación o colocación Dewey Decimal Classification
Tipo de ítem Koha Libro
Holdings
Estado de retiro Estado de pérdida Fuente del sistema de clasificación o colocación Restricciones de uso No para préstamo Código de colección Localización permanente Ubicación/localización actual Ubicación en estantería Fecha de adquisición Total de préstamos Signatura topográfica completa Código de barras Fecha visto por última vez Precio válido a partir de Tipo de ítem Koha
    Dewey Decimal Classification Préstamo en sala   General Biblioteca Nacional Pedro Henríquez Ureña Biblioteca Nacional Pedro Henríquez Ureña En catalogación 30.04.2025   BNPHU GR 863.3 L431t 2025-3845 30.04.2025 30.04.2025 Libro

Powered by Koha